[Event "CMA Futurity IV"]
[Site "Toronto CAN"]
[Date "2003.07.25"]
[Round "1"]
[White "Bellon Lopez, Juan Manuel"]
[Black "Krnan, Tomas"]
[Result "1/2-1/2"]
[WhiteElo "2423"]
[BlackElo "2216"]
[PlyCount "84"]
[GameId "2160767911285105"]
[EventDate "2003.07.25"]
[EventType "schev"]
[EventRounds "10"]
[EventCountry "CAN"]
[SourceTitle "The Week in Chess 455"]
[Source "Mark Crowther"]
[SourceDate "2003.07.28"]
[SourceVersion "1"]
[SourceVersionDate "2003.07.28"]
[SourceQuality "2"]

1. d4 Nf6 2. Nc3 d5 3. Bg5 Nbd7 4. f3 c5 5. e4 dxe4 6. d5 h6 7. Bxf6 exf6 8. d6 a6 9. Qd5 f5 10. fxe4 Qg5 11. Nf3 Qe3+ 12. Be2 Nf6 13. Qe5+ Be6 14. exf5 Qxe5 15. Nxe5 Bxd6 16. fxe6 Bxe5 17. Na4 b5 18. Nxc5 Bxb2 19. Rd1 Bc3+ 20. Kf2 fxe6 21. Bf3 Ra7 22. Nxe6 Kf7 23. Nd8+ Kg6 24. Rd3 Rf8 25. Ne6 Rc8 26. Rhd1 Be5 27. R1d2 Re7 28. Nd4 Rec7 29. a4 Bxd4+ 30. Rxd4 Rxc2 31. Ke2 Rxd2+ 32. Kxd2 bxa4 33. Rxa4 Rd8+ 34. Ke3 Rd6 35. Bb7 h5 36. Kf4 Nd7 37. Rxa6 Rxa6 38. Bxa6 Kf6 39. h4 Nc5 40. Be2 g6 41. g4 hxg4 42. Kxg4 Ne6 1/2-1/2

[Event "CMA Futurity IV"]
[Site "Toronto CAN"]
[Date "2003.07.26"]
[Round "3"]
[White "Arencibia Rodriguez, Walter"]
[Black "Krnan, Tomas"]
[Result "1-0"]
[WhiteElo "2522"]
[BlackElo "2216"]
[PlyCount "87"]
[GameId "2160767911285114"]
[EventDate "2003.07.25"]
[EventType "schev"]
[EventRounds "10"]
[EventCountry "CAN"]
[SourceTitle "CBM 095 Extra"]
[Source "ChessBase"]
[SourceDate "2003.09.04"]
[SourceVersion "1"]
[SourceVersionDate "2003.09.04"]
[SourceQuality "1"]

1. b3 Nf6 2. Bb2 d6 3. Bxf6 exf6 4. e3 g6 5. d4 Bg7 6. Ne2 O-O 7. g3 f5 8. Bg2 Nd7 9. c4 Re8 10. Nbc3 Nf6 11. Qc2 c6 12. O-O Be6 13. Rad1 d5 14. Nf4 Rc8 15. Na4 g5 16. Nd3 dxc4 17. bxc4 b5 18. Nab2 Nd7 19. a4 Nb6 20. Nc5 Qf6 21. axb5 cxb5 22. cxb5 f4 23. Qe2 Nd5 24. Nba4 Qg6 25. exf4 gxf4 26. Nxe6 fxe6 27. Rfe1 fxg3 28. hxg3 Rc2 29. Rd2 Rxd2 30. Qxd2 Rd8 31. Re4 Nb6 32. Nxb6 axb6 33. Qe3 Qf6 34. Rf4 Qg6 35. Be4 Qh6 36. Bxh7+ Kxh7 37. Rh4 Qxh4 38. gxh4 Bxd4 39. Qxe6 Rg8+ 40. Kh1 Bc5 41. Qf5+ Kg7 42. f4 Rf8 43. Qg5+ Kf7 44. h5 1-0

[Event "CMA Futurity IV"]
[Site "Toronto CAN"]
[Date "2003.07.27"]
[Round "4"]
[White "Krnan, Tomas"]
[Black "Moiseenko, Alexander"]
[Result "0-1"]
[WhiteElo "2216"]
[BlackElo "2618"]
[PlyCount "68"]
[GameId "2160767911285120"]
[EventDate "2003.07.25"]
[EventType "schev"]
[EventRounds "10"]
[EventCountry "CAN"]
[SourceTitle "The Week in Chess 455"]
[Source "Mark Crowther"]
[SourceDate "2003.07.28"]
[SourceVersion "1"]
[SourceVersionDate "2003.07.28"]
[SourceQuality "2"]

1. e4 c5 2. Nf3 Nc6 3. d4 cxd4 4. Nxd4 e5 5. Nb5 d6 6. c4 Be7 7. N1c3 a6 8. Na3 Be6 9. Bd3 Bg5 10. Nc2 h6 11. Be3 Nf6 12. Nd5 Bxe3 13. Ncxe3 Bxd5 14. cxd5 Nd4 15. O-O O-O 16. b4 Rc8 17. Qd2 Nh5 18. Rfc1 Qg5 19. Kh1 Qh4 20. Nc2 Qf4 21. Qxf4 Nxf4 22. Ne1 Nxd3 23. Nxd3 Ne2 24. Rd1 Rc2 25. Ne1 Rc4 26. Rd2 Nd4 27. Nd3 Rfc8 28. g3 Nf3 29. Rb2 Rxe4 30. b5 a5 31. Kg2 Rd4 32. Rc1 Rxc1 33. Nxc1 Ne1+ 34. Kf1 Rd1 0-1

[Event "CMA Futurity IV"]
[Site "Toronto CAN"]
[Date "2003.07.27"]
[Round "5"]
[White "Milicevic, Goran"]
[Black "Krnan, Tomas"]
[Result "1/2-1/2"]
[WhiteElo "2348"]
[BlackElo "2216"]
[PlyCount "85"]
[GameId "2160767911285127"]
[EventDate "2003.07.25"]
[EventType "schev"]
[EventRounds "10"]
[EventCountry "CAN"]
[SourceTitle "The Week in Chess 457"]
[Source "Mark Crowther"]
[SourceDate "2003.08.11"]
[SourceVersion "1"]
[SourceVersionDate "2003.08.11"]
[SourceQuality "2"]

1. e4 d5 2. exd5 Nf6 3. Bb5+ Bd7 4. Bc4 b5 5. Bb3 a5 6. a3 Bg4 7. f3 Bc8 8. Nc3 Ba6 9. Nge2 g6 10. d3 Bg7 11. Be3 O-O 12. O-O b4 13. axb4 axb4 14. Nb5 Bb7 15. Rxa8 Bxa8 16. Qd2 Na6 17. Ra1 Bb7 18. Nf4 Qd7 19. c4 bxc3 20. Nxc3 Ra8 21. Ra5 g5 22. Nfe2 h6 23. Nd4 Nb4 24. Rxa8+ Bxa8 25. Ba4 Qd8 26. Nf5 Nbxd5 27. h4 Nxe3 28. Qxe3 e6 29. Nxg7 Kxg7 30. hxg5 hxg5 31. Qxg5+ Kf8 32. Qc5+ Kg7 33. d4 Bd5 34. Bb5 Nh5 35. Ne2 Qh4 36. Qc1 Ng3 37. Nxg3 Qxg3 38. Qe3 Kf8 39. Qe5 Qg6 40. Qh8+ Ke7 41. Qh4+ Kf8 42. Qh8+ Ke7 43. Qh4+ 1/2-1/2

[Event "CMA Futurity IV"]
[Site "Toronto CAN"]
[Date "2003.07.28"]
[Round "6"]
[White "Krnan, Tomas"]
[Black "Bellon Lopez, Juan Manuel"]
[Result "1-0"]
[WhiteElo "2216"]
[BlackElo "2423"]
[PlyCount "107"]
[GameId "2160767911285130"]
[EventDate "2003.07.25"]
[EventType "schev"]
[EventRounds "10"]
[EventCountry "CAN"]
[SourceTitle "CBM 095 Extra"]
[Source "ChessBase"]
[SourceDate "2003.09.04"]
[SourceVersion "1"]
[SourceVersionDate "2003.09.04"]
[SourceQuality "1"]

1. e4 c5 2. d4 cxd4 3. c3 d3 4. Bxd3 g6 5. Nf3 Bg7 6. O-O Nc6 7. c4 d6 8. h3 b6 9. Nc3 Bxc3 10. bxc3 Qc7 11. Nd4 Nf6 12. Bh6 Rg8 13. Qe2 Ne5 14. f4 Nxd3 15. Qxd3 Nd7 16. Nb5 Qc5+ 17. Qd4 Bb7 18. Qxc5 Nxc5 19. e5 dxe5 20. Nc7+ Kd7 21. Nxa8 e4 22. Nxb6+ axb6 23. Bg5 Ra8 24. Rfd1+ Nd3 25. Bh4 Ba6 26. Bf2 Kc6 27. Rdb1 Bxc4 28. Rxb6+ Kc7 29. a4 Nxf4 30. Rb4 Ne2+ 31. Kf1 Bd3 32. Ke1 Kd7 33. Kd2 Nf4 34. c4 Ne6 35. Rb7+ Kc6 36. Rxe7 Bxc4 37. Rxf7 Nc7 38. Rxh7 Ne6 39. a5 Rd8+ 40. Kc2 Bd3+ 41. Kc3 Nf4 42. a6 Ne2+ 43. Kb2 Rb8+ 44. Rb7 Rxb7+ 45. axb7 Kxb7 46. Ra7+ Kc8 47. Be3 Ng3 48. Bf4 Nh5 49. Be5 g5 50. g4 Nf4 51. Bxf4 gxf4 52. Rf7 f3 53. Kc3 Bf1 54. h4 1-0

[Event "CMA Futurity IV"]
[Site "Toronto CAN"]
[Date "2003.07.29"]
[Round "7"]
[White "Cramling, Pia"]
[Black "Krnan, Tomas"]
[Result "1/2-1/2"]
[WhiteElo "2488"]
[BlackElo "2216"]
[PlyCount "120"]
[GameId "2160767911285136"]
[EventDate "2003.07.25"]
[EventType "schev"]
[EventRounds "10"]
[EventCountry "CAN"]
[SourceTitle "CBM 095 Extra"]
[Source "ChessBase"]
[SourceDate "2003.09.04"]
[SourceVersion "1"]
[SourceVersionDate "2003.09.04"]
[SourceQuality "1"]

1. d4 Nf6 2. Nf3 d6 3. c4 Nbd7 4. Nc3 e5 5. e4 Be7 6. Be2 O-O 7. O-O c6 8. Qc2 a6 9. Rd1 Qc7 10. Be3 Re8 11. Rac1 Qb8 12. d5 cxd5 13. cxd5 b5 14. Nd2 Nb6 15. a4 Nxa4 16. Nxa4 bxa4 17. Nc4 Ng4 18. Bxg4 Bxg4 19. f3 Bd7 20. Nb6 Ra7 21. Rd3 Rb7 22. Nxd7 Rxd7 23. Qxa4 Rb7 24. b3 Rb4 25. Qd7 Rb7 26. Qc6 Kf8 27. Rcc3 a5 28. Qa4 Bd8 29. Rc4 Bb6 30. Bxb6 Rxb6 31. Rdc3 Rb5 32. h3 Qb6+ 33. Kh2 Rb8 34. Rc6 Qd8 35. Qa3 Rb4 36. Qc1 Qh4 37. Rxd6 Qf4+ 38. Qxf4 exf4 39. Rc7 R4b7 40. Rd8+ Rxd8 41. Rxb7 Ra8 42. e5 Re8 43. Rb5 Rxe5 44. Rxa5 Ke7 45. h4 Kd6 46. Kh3 h5 47. Ra7 Rf5 48. Ra6+ Kxd5 49. Ra5+ Ke6 50. Rxf5 Kxf5 51. Kh2 Ke5 52. Kg1 Kd4 53. Kf2 Kc3 54. Ke2 f5 55. b4 Kxb4 56. Kd3 Kc5 57. Kc3 Kd5 58. Kd3 Kc5 59. Kc3 g6 60. Kd3 Kd5 1/2-1/2

[Event "CMA Futurity IV"]
[Site "Toronto CAN"]
[Date "2003.07.30"]
[Round "8"]
[White "Krnan, Tomas"]
[Black "Arencibia Rodriguez, Walter"]
[Result "0-1"]
[WhiteElo "2216"]
[BlackElo "2522"]
[PlyCount "78"]
[GameId "2160767911285140"]
[EventDate "2003.07.25"]
[EventType "schev"]
[EventRounds "10"]
[EventCountry "CAN"]
[SourceTitle "CBM 095 Extra"]
[Source "ChessBase"]
[SourceDate "2003.09.04"]
[SourceVersion "1"]
[SourceVersionDate "2003.09.04"]
[SourceQuality "1"]

1. e4 e5 2. Nf3 Nc6 3. Bb5 a6 4. Ba4 Nf6 5. O-O Be7 6. Re1 b5 7. Bb3 d6 8. c3 O-O 9. h3 Na5 10. Bc2 c5 11. d4 Qc7 12. Nbd2 cxd4 13. cxd4 Nc6 14. Nb3 a5 15. Be3 a4 16. Nbd2 Bd7 17. Rc1 Qb7 18. a3 Rfe8 19. Nb1 Bd8 20. Nc3 Na5 21. Nd2 h6 22. Qf3 Rc8 23. Bb1 Nc6 24. dxe5 Nxe5 25. Qe2 b4 26. axb4 Qxb4 27. f4 Ng6 28. Qd3 Bb6 29. Kh1 Bxe3 30. Qxe3 Qxb2 31. Ba2 Rxc3 32. Bxf7+ Kxf7 33. Qxc3 Qxc3 34. Rxc3 Nxf4 35. Nc4 Re6 36. Rf1 Ne2 37. Re3 Bb5 38. e5 Bxc4 39. exf6 Rxe3 0-1

[Event "CAN-op"]
[Site "Kapuskasing CAN"]
[Date "2003.07.12"]
[Round "1"]
[White "Jonkman, Harmen"]
[Black "Krnan, Tomas"]
[Result "1-0"]
[WhiteElo "2436"]
[BlackElo "2216"]
[PlyCount "73"]
[GameId "2160767911293548"]
[EventDate "2003.07.12"]
[EventType "swiss"]
[EventRounds "9"]
[EventCountry "CAN"]
[SourceTitle "EXT 2006"]
[Source "ChessBase"]
[SourceDate "2005.11.24"]
[SourceVersion "1"]
[SourceVersionDate "2005.11.24"]
[SourceQuality "1"]

1. e4 d5 2. exd5 Nf6 3. d4 Nxd5 4. Nf3 g6 5. c4 Nb6 6. Nc3 Bg7 7. h3 O-O 8. Be3 Nc6 9. Qd2 e5 10. d5 Na5 11. b3 e4 12. Nd4 f5 13. g3 c5 14. Nce2 Nd7 15. Bg2 Ne5 16. O-O b6 17. Rad1 Nb7 18. d6 Be6 19. Nb5 Qd7 20. Bg5 Nd3 21. Nf4 Nxf4 22. Qxf4 Nd8 23. f3 Nc6 24. fxe4 Nd4 25. Nxd4 Bxd4+ 26. Rxd4 cxd4 27. e5 Rac8 28. Qxd4 Rc5 29. Bd5 Re8 30. b4 Rcc8 31. c5 bxc5 32. bxc5 Kf7 33. g4 Kg8 34. gxf5 gxf5 35. Bf6 Bxd5 36. Qxd5+ Re6 37. Kh2 1-0

[Event "CAN-op"]
[Site "Kapuskasing CAN"]
[Date "2003.07.14"]
[Round "4"]
[White "Krnan, Tomas"]
[Black "Stevens, Christian"]
[Result "1-0"]
[WhiteElo "2216"]
[BlackElo "2147"]
[PlyCount "63"]
[GameId "2160767911293590"]
[EventDate "2003.07.12"]
[EventType "swiss"]
[EventRounds "9"]
[EventCountry "CAN"]
[SourceTitle "EXT 2006"]
[Source "ChessBase"]
[SourceDate "2005.11.24"]
[SourceVersion "1"]
[SourceVersionDate "2005.11.24"]
[SourceQuality "1"]

1. e4 c5 2. d4 cxd4 3. c3 d3 4. Bxd3 Nc6 5. c4 g6 6. Nf3 Bg7 7. Nc3 d6 8. O-O Bg4 9. Be3 Nf6 10. Rc1 O-O 11. h3 Bxf3 12. Qxf3 Nd7 13. Qe2 Nc5 14. Rfd1 Nd4 15. Qd2 a5 16. Bb1 e5 17. f4 Nce6 18. f5 Nf4 19. Bxf4 exf4 20. Qf2 Nc6 21. c5 f3 22. cxd6 Bh6 23. Rc2 Nb4 24. Nd5 Qxd6 25. Qh4 Nxd5 26. Qxh6 Qb6+ 27. Kh2 Nb4 28. Rcd2 Qc7+ 29. Rd6 Kh8 30. e5 Rae8 31. f6 Rg8 32. R1d4 1-0

[Event "CAN-op"]
[Site "Kapuskasing CAN"]
[Date "2003.07.15"]
[Round "5"]
[White "Cummings, David"]
[Black "Krnan, Tomas"]
[Result "0-1"]
[WhiteElo "2377"]
[BlackElo "2216"]
[PlyCount "70"]
[GameId "2160767911293596"]
[EventDate "2003.07.12"]
[EventType "swiss"]
[EventRounds "9"]
[EventCountry "CAN"]
[SourceTitle "EXT 2006"]
[Source "ChessBase"]
[SourceDate "2005.11.24"]
[SourceVersion "1"]
[SourceVersionDate "2005.11.24"]
[SourceQuality "1"]

1. c4 Nf6 2. Nf3 d6 3. d4 Nbd7 4. Nc3 e5 5. e4 Be7 6. Be2 O-O 7. O-O c6 8. Rb1 Re8 9. d5 Nc5 10. Nd2 a5 11. b3 cxd5 12. cxd5 Bd7 13. Re1 Rf8 14. a4 Ne8 15. Ba3 Rc8 16. Nc4 f5 17. b4 Nxe4 18. Nxe4 fxe4 19. bxa5 Bh4 20. Rf1 Qg5 21. Bc1 Qg6 22. Ne3 Rc7 23. Bg4 Nf6 24. Bxd7 Rxd7 25. g3 h5 26. Rb6 Bg5 27. Qb3 Bxe3 28. Bxe3 Qf7 29. Rd1 h4 30. Kf1 Ng4 31. Ke2 Nxh2 32. gxh4 Nf3 33. Qb4 Qh5 34. Rh1 Nd4+ 35. Kd2 Qe2+ 0-1

[Event "CAN-op"]
[Site "Kapuskasing CAN"]
[Date "2003.07.16"]
[Round "6"]
[White "Krnan, Tomas"]
[Black "Zatonskih, Anna"]
[Result "1-0"]
[WhiteElo "2216"]
[BlackElo "2423"]
[PlyCount "81"]
[GameId "2160767911293609"]
[EventDate "2003.07.12"]
[EventType "swiss"]
[EventRounds "9"]
[EventCountry "CAN"]
[SourceTitle "EXT 2006"]
[Source "ChessBase"]
[SourceDate "2005.11.24"]
[SourceVersion "1"]
[SourceVersionDate "2005.11.24"]
[SourceQuality "1"]

1. e4 e6 2. d3 d5 3. Nd2 c5 4. Ngf3 Nc6 5. g3 Bd6 6. Bg2 Nge7 7. O-O O-O 8. Re1 Qc7 9. c3 d4 10. Nc4 e5 11. Nh4 Be6 12. Nxd6 Qxd6 13. c4 Rfb8 14. f4 f6 15. Rf1 Qd7 16. f5 Bf7 17. g4 h6 18. Nf3 b5 19. cxb5 Rxb5 20. h4 a5 21. g5 hxg5 22. hxg5 Kf8 23. Nh4 a4 24. Ng6+ Ke8 25. Qh5 Ng8 26. Qh8 Qd6 27. Qxg7 Ra7 28. Nh8 Qf8 29. Qh7 Kd8 30. gxf6 Bxa2 31. Qh4 Bf7 32. Rf3 Nb4 33. Rg3 Nc2 34. Nxf7+ Rxf7 35. Rxa4 Kc8 36. Bg5 Kb7 37. Qh8 Nxf6 38. Bxf6 Rxf6 39. Rg8 Qd6 40. Qg7+ Qc7 41. Qxf6 1-0

[Event "CAN-op"]
[Site "Kapuskasing CAN"]
[Date "2003.07.17"]
[Round "7"]
[White "Kudrin, Sergey"]
[Black "Krnan, Tomas"]
[Result "1-0"]
[WhiteElo "2542"]
[BlackElo "2216"]
[PlyCount "99"]
[GameId "2160767911293618"]
[EventDate "2003.07.12"]
[EventType "swiss"]
[EventRounds "9"]
[EventCountry "CAN"]
[SourceTitle "EXT 2006"]
[Source "ChessBase"]
[SourceDate "2005.11.24"]
[SourceVersion "1"]
[SourceVersionDate "2005.11.24"]
[SourceQuality "1"]

1. e4 e5 2. Nf3 Nc6 3. Bb5 a6 4. Ba4 Nf6 5. O-O Be7 6. Re1 b5 7. Bb3 O-O 8. h3 d6 9. c3 Na5 10. Bc2 c5 11. d4 Qc7 12. Nbd2 cxd4 13. cxd4 Bd7 14. Nf1 Rac8 15. Bb1 Nh5 16. Ne3 Nf4 17. Kh1 Bf6 18. Ng4 Bxg4 19. hxg4 Ng6 20. d5 h6 21. g3 Qd7 22. Nh2 Bg5 23. Bxg5 hxg5 24. Bd3 Nc4 25. Qe2 Nb6 26. Qe3 Na4 27. b3 Nc5 28. Be2 f6 29. Nf1 Ne7 30. Nd2 g6 31. Kg2 Kg7 32. a4 Rb8 33. axb5 axb5 34. Ra5 b4 35. Nc4 Rfc8 36. Rc1 Rc7 37. Bd1 Nc8 38. Nxd6 Nxd6 39. Rcxc5 Rbc8 40. Be2 Nb7 41. Rxc7 Rxc7 42. Rb5 Qe7 43. Qb6 Nd6 44. Rxb4 Rc2 45. Ra4 Nc8 46. Qe3 Nd6 47. Ra6 Nf7 48. Bc4 Qb4 49. Qf3 Qe7 50. Qd1 1-0

[Event "CAN-op"]
[Site "Kapuskasing CAN"]
[Date "2003.07.20"]
[Round "10"]
[White "Krnan, Tomas"]
[Black "Patterson, Roger"]
[Result "1-0"]
[WhiteElo "2216"]
[BlackElo "2153"]
[PlyCount "85"]
[GameId "2160767911293649"]
[EventDate "2003.07.12"]
[EventType "swiss"]
[EventRounds "9"]
[EventCountry "CAN"]
[SourceTitle "EXT 2006"]
[Source "ChessBase"]
[SourceDate "2005.11.24"]
[SourceVersion "1"]
[SourceVersionDate "2005.11.24"]
[SourceQuality "1"]

1. e4 e5 2. Nf3 Nc6 3. Nc3 Nf6 4. d4 exd4 5. Nd5 Nxd5 6. exd5 Bb4+ 7. Bd2 Qe7+ 8. Qe2 Bxd2+ 9. Kxd2 Qxe2+ 10. Bxe2 Nb4 11. d6 c5 12. Bc4 O-O 13. Rhe1 Rb8 14. a4 a6 15. c3 dxc3+ 16. bxc3 Nc6 17. Rab1 b6 18. Ne5 Nd8 19. f4 g6 20. g4 Kg7 21. Nd3 Nc6 22. Ne5 Nd8 23. Bd5 b5 24. c4 Rb6 25. axb5 axb5 26. Rxb5 Rxd6 27. Nd3 Ne6 28. Bxe6 fxe6 29. Rxc5 Bb7 30. Ke3 Ra8 31. Rd1 Ra2 32. Rc7 Ba6 33. Rd2 Ra3 34. Ke2 Rd4 35. Ke3 Rd6 36. g5 Kf8 37. Ke2 Rd4 38. Ne5 Re4+ 39. Kd1 Ra1+ 40. Kc2 Ra2+ 41. Kc3 Rxd2 42. Kxd2 d6 43. Nd7+ 1-0

[Event "CYCC U16"]
[Site "Kapuskasing CAN"]
[Date "2003.07.07"]
[Round "2"]
[White "Johnston, Marty"]
[Black "Krnan, Tomas"]
[Result "0-1"]
[WhiteElo "1291"]
[BlackElo "2245"]
[PlyCount "60"]
[GameId "2160767911302179"]
[EventDate "2003.07.07"]
[EventType "swiss"]
[EventRounds "7"]
[EventCountry "CAN"]

1. e4 e5 2. Nf3 Nc6 3. Bc4 Nf6 4. d3 Be7 5. Nc3 d6 6. O-O Bg4 7. Be3 O-O 8. Qe2 Na5 9. Bd5 c6 10. Bb3 h6 11. d4 Qc7 12. dxe5 dxe5 13. Bd2 b5 14. h3 Bh5 15. Qe3 Rad8 16. Nh4 Nh7 17. Nf3 Bxf3 18. Qxf3 Rxd2 19. Rfd1 Nxb3 20. axb3 Rxd1+ 21. Nxd1 Bc5 22. Ne3 Ng5 23. Qg4 Bxe3 24. fxe3 Qb6 25. Kf2 Rd8 26. Ke2 Qc5 27. c3 Qd6 28. h4 Qd3+ 29. Ke1 Qxe3+ 30. Kf1 Nxe4 0-1

[Event "CYCC U16"]
[Site "Kapuskasing CAN"]
[Date "2003.07.08"]
[Round "3"]
[White "Krnan, Tomas"]
[Black "Meng, Fanhao"]
[Result "1-0"]
[WhiteElo "2245"]
[BlackElo "2243"]
[PlyCount "93"]
[GameId "2160767911302183"]
[EventDate "2003.07.07"]
[EventType "swiss"]
[EventRounds "7"]
[EventCountry "CAN"]
[SourceTitle "CFC 2003.08"]
[Source "CFC"]
[SourceDate "2003.08.??"]
[SourceVersionDate "2003.08.??"]
[SourceQuality "1"]

1. e4 e5 2. Nf3 Nc6 3. Bb5 a6 4. Ba4 d6 5. O-O Nf6 6. Re1 b5 7. Bb3 Na5 8. d4 Nxb3 9. axb3 Qe7 10. Nc3 c6 11. d5 b4 12. Na4 Qc7 13. c3 Bb7 14. Be3 cxd5 15. Nb6 Rb8 16. exd5 Ng4 17. Nc4 Nxe3 18. Rxe3 Be7 19. Na5 Ba8 20. cxb4 Rxb4 21. Rc3 Qb8 22. Nc6 Bxc6 23. dxc6 O-O 24. Rxa6 Rc8 25. Qd5 g6 26. g3 Rb5 27. Qe4 Rxb3 28. Qa4 Rxc3 29. bxc3 Bf8 30. Kg2 Rc7 31. Qa5 Rc8 32. Qb4 Qc7 33. Qb7 Qxb7 34. cxb7 Rb8 35. Ra7 f6 36. Nd2 Kf7 37. Nc4 Ke7 38. Na5 Kd7 39. Ra8 Kc7 40. Nc6 Rxb7 41. Nd8 Rb3 42. Ne6+ Kd7 43. Nxf8+ Ke7 44. Rc8 Rb7 45. Nxh7 Kf7 46. h4 d5 47. Rc6 1-0

[Event "CYCC U16"]
[Site "Kapuskasing CAN"]
[Date "2003.07.08"]
[Round "4"]
[White "Predescu, Sebastian"]
[Black "Krnan, Tomas"]
[Result "0-1"]
[WhiteElo "2280"]
[BlackElo "2245"]
[PlyCount "74"]
[GameId "2160767911302185"]
[EventDate "2003.07.07"]
[EventType "swiss"]
[EventRounds "7"]
[EventCountry "CAN"]
[SourceTitle "CFC 2003.08"]
[Source "CFC"]
[SourceDate "2003.08.??"]
[SourceVersionDate "2003.08.??"]
[SourceQuality "1"]

1. e4 d5 2. Nc3 d4 3. Nce2 e5 4. d3 Nc6 5. g3 Be6 6. Bg2 Bd6 7. f4 f6 8. Nf3 Nge7 9. O-O Qd7 10. c4 O-O 11. f5 Bf7 12. g4 Kh8 13. Kh1 Ng8 14. a3 b5 15. b3 Rfb8 16. Bd2 a5 17. Qe1 Be7 18. g5 fxg5 19. Nxg5 Bf6 20. Rf3 bxc4 21. bxc4 h6 22. Rh3 Qe7 23. Nxf7+ Qxf7 24. Bf3 Rb3 25. Bh5 Qf8 26. Bc1 Rab8 27. Qd1 Rb1 28. Rxb1 Rxb1 29. Qc2 Qb8 30. Kg2 Qb3 31. Qxb3 Rxb3 32. Kf2 Be7 33. Be8 Nd8 34. Ba4 Rb1 35. Bd2 Ra1 36. Be8 Rxa3 37. Nc1 Nf6 0-1

[Event "CYCC U16"]
[Site "Kapuskasing CAN"]
[Date "2003.07.10"]
[Round "7"]
[White "Krnan, Tomas"]
[Black "Kashani, Alborz Parcham"]
[Result "1-0"]
[WhiteElo "2245"]
[BlackElo "1497"]
[PlyCount "93"]
[GameId "2160767911302187"]
[EventDate "2003.07.07"]
[EventType "swiss"]
[EventRounds "7"]
[EventCountry "CAN"]
[SourceTitle "EXT 2004"]
[Source "ChessBase"]
[SourceDate "2003.11.25"]
[SourceVersion "1"]
[SourceVersionDate "2003.11.25"]
[SourceQuality "1"]

1. e4 c6 2. d4 d5 3. Nc3 dxe4 4. Nxe4 Bf5 5. Nc5 Qc7 6. Bd3 Bg6 7. Nb3 e6 8. Nf3 Nd7 9. O-O Bd6 10. Re1 Ngf6 11. Bg5 Bxd3 12. Qxd3 O-O 13. c4 h6 14. Bh4 Nh5 15. Nbd2 Nhf6 16. c5 Be7 17. Nc4 Rfd8 18. Bg3 Qc8 19. Bd6 Bxd6 20. Nxd6 Qc7 21. Nd2 Ne8 22. Nxe8 Rxe8 23. Nc4 Red8 24. Qf3 Nf6 25. Rad1 Rd7 26. Rd3 Rad8 27. Red1 Rd5 28. h3 Rf5 29. Qe2 Rfd5 30. Qe3 Nh5 31. g3 Qe7 32. R1d2 Kh7 33. Ra3 a6 34. Rb3 R5d7 35. Ne5 Rc7 36. Qf3 Qg5 37. Qe4+ Kg8 38. f4 Qe7 39. Qf3 Nf6 40. Rxb7 Rxb7 41. Nxc6 Qd7 42. Nxd8 Rc7 43. Nb7 Rxb7 44. c6 Qd5 45. Qxd5 exd5 46. cxb7 Nd7 47. Rc2 1-0